Từng qua tuổi 20 = Twenty something-The quater-life Crisis of Jack Lancaster
Salvato in:
| Autore principale: | |
|---|---|
| Natura: | Libro |
| Lingua: | Undetermined |
| Pubblicazione: |
Thành phố Hồ Chí Minh
Trẻ
2015
|
| Soggetti: | |
| Tags: |
Aggiungi Tag
Nessun Tag, puoi essere il primo ad aggiungerne! !
|
| Thư viện lưu trữ: | Trung tâm Học liệu Trường Đại học Cần Thơ |
|---|
| LEADER | 00638nam a2200205Ia 4500 | ||
|---|---|---|---|
| 001 | CTU_196510 | ||
| 008 | 210402s9999 xx 000 0 und d | ||
| 020 | |c 105000 | ||
| 082 | |a 823.92 | ||
| 082 | |b H741 | ||
| 100 | |a Hollingshead, Iain | ||
| 245 | 0 | |a Từng qua tuổi 20 = | |
| 245 | 0 | |b Twenty something-The quater-life Crisis of Jack Lancaster | |
| 245 | 0 | |c Iain Hollingshead ; Lê Thu Thủy dịch | |
| 260 | |a Thành phố Hồ Chí Minh | ||
| 260 | |b Trẻ | ||
| 260 | |c 2015 | ||
| 650 | |a English fiction,Tiểu thuyết Anh | ||
| 904 | |i Tuyến | ||
| 980 | |a Trung tâm Học liệu Trường Đại học Cần Thơ | ||